000 00729nas a2200241 4500
001 BR9605180
003 BR-BrBNA
005 20231205095815.0
007 ta
008 230509b bl.|||p| |||| 00| 00por d
040 _aBR-BrBNA
_bpor
_cBiblioteca Nacional de Agricultura
041 _a(Pt)
072 _aF02
100 1 _aSilva, J.B.C. da
100 1 _aLopes, C.A.
245 1 _aUso de pequenos segmentos de ramas para a multiplicacao rapida da batata-doce
650 _aBatata Doce
650 _aReproducao Vegetal
650 _aBrotacao
773 0 _tHorticultura Brasileira (Brazil)
_xISSN 0102-0536
_g(Nov 1995), v. 13(2) p. 176-179
_wBR9605180
909 _a202311
_bLúcia
_c55
_dLúcia Elande
942 _2AGRIS
_n0
_cANA
999 _c152821
_d152821